00279nam a2200121Ia 4500008004100000082001600041100002200057245002500079250000900104260002700113300000900140650000800149191201s2012 xx 000 0 und d a658.15bBRF aBRIGHAM, Eugene F 0aFinancial Management a10th aN.DelhibThomsonc2012 a1067 aMBA